000 00496nam a2200181Ia 4500
003 OSt
005 20230602133117.0
008 210423s2005 xx 000 0 und d
040 _cAL
041 _aeng
082 _a658.4
_223
_bSAPO
100 _aSAPRE (Anaut R).
_9118976
245 _aOrganizational behaviour and organizational culture.
260 _aPune
_bCentr for distance learning
_c2005
365 _b195
_cINR
906 _abehaviour ; culture. ; Organizational
942 _2ddc
_cBK
999 _c175662
_d175662